UBT Library

Statistical Process Control/ (Record no. 406)

000 -LEADER
fixed length control field 00490nam a22001817a 4500
005 - DATE AND TIME OF LATEST TRANSACTION
control field 20140306053833.0
008 - FIXED-LENGTH DATA ELEMENTS--GENERAL INFORMATION
fixed length control field 140306b xxu||||| |||| 00| 0 eng d
020 ## - INTERNATIONAL STANDARD BOOK NUMBER
International Standard Book Number 978-0-07-174249-8
080 ## - UNIVERSAL DECIMAL CLASSIFICATION NUMBER
Universal Decimal Classification number 311.15 (075.8)
245 ## - TITLE STATEMENT
Title Statistical Process Control/
250 ## -
-- 1 st.ed.
260 ## -
-- New York
-- Mc Graw Hill
-- 2011
300 ## -
-- 302 f:
-- me il.;
-- 23 cm
500 ## -
-- [Përfshin Indeksin f. 291-302]
650 ## -
-- Statistikë
650 ## -
-- Proceset e Kontrollit
942 ## - ADDED ENTRY ELEMENTS (KOHA)
Source of classification or shelving scheme
Item type Books
Holdings
Withdrawn status Lost status Source of classification or shelving scheme Damaged status Not for loan Collection code Permanent location Current location Shelving location Date acquired Total Checkouts Full call number Barcode Date last seen Price effective from Koha item type
          Koleksioni i përgjithshem UBT - Ferizaj UBT - Ferizaj Koleksioni i përgjithshem 03/06/2014   311.15 (075.8) KEL 003-000021 03/06/2014 03/06/2014 Books
          Koleksioni i përgjithshem UBT - Ferizaj UBT - Ferizaj Koleksioni i përgjithshem 03/06/2014   311.15 (075.8) KEL 003-000022 03/06/2014 03/06/2014 Books
          Koleksioni i përgjithshem UBT - Ferizaj UBT - Ferizaj Koleksioni i përgjithshem 03/06/2014   311.15 (075.8) KEL 003-000023 03/06/2014 03/06/2014 Books
          Koleksioni i përgjithshem UBT - Ferizaj UBT - Ferizaj Koleksioni i përgjithshem 03/06/2014   311.15 (075.8) KEL 003-000024 03/06/2014 03/06/2014 Books
          Koleksioni i përgjithshem UBT - Ferizaj UBT - Ferizaj Koleksioni i përgjithshem 03/06/2014   311.15 (075.8) KEL 003-000025 03/06/2014 03/06/2014 Books
          Koleksioni i përgjithshem UBT - Ferizaj UBT - Ferizaj Koleksioni i përgjithshem 03/06/2014   311.15 (075.8) KEL 003-000026 03/06/2014 03/06/2014 Books
          Koleksioni i përgjithshem UBT - Ferizaj UBT - Ferizaj Koleksioni i përgjithshem 03/06/2014   311.15 (075.8) KEL 003-000027 03/06/2014 03/06/2014 Books
          Koleksioni i përgjithshem UBT - Ferizaj UBT - Ferizaj Koleksioni i përgjithshem 03/06/2014   311.15 (075.8) KEL 003-000028 03/06/2014 03/06/2014 Books
          Koleksioni i përgjithshem UBT - Ferizaj UBT - Ferizaj Koleksioni i përgjithshem 03/06/2014   311.15 (075.8) KEL 003-000029 03/06/2014 03/06/2014 Books
          Koleksioni i përgjithshem UBT - Ferizaj UBT - Ferizaj Koleksioni i përgjithshem 03/06/2014   311.15 (075.8) KEL 003-000030 03/06/2014 03/06/2014 Books
UBT Library © 2015-2024. All rights reserved University Education for Business and Technology